Top Countries by Amusement Parks - Statistics

General Stats
  • This quiz has been taken 299 times
  • The average score is 19 of 25
Answer Stats
Amount of Parks Answer % Correct
397 United States
100%
49 France
97%
88 China
96%
47 United Kingdom
96%
29 Canada
95%
152 Japan
95%
78 Germany
93%
14 Spain
93%
25 Italy
87%
40 Australia
86%
14 Brazil
86%
102 India
79%
39 South Korea
77%
13 Poland
76%
33 Netherlands
74%
30 Indonesia
69%
15 Denmark
65%
21 United Arab Emirates
62%
19 Saudi Arabia
60%
57 Thailand
60%
19 Pakistan
52%
93 Iran
50%
29 Philippines
47%
14 Taiwan
47%
30 Malaysia
46%
No matching quizzes found
Score Distribution
Percent of People with Each Score
Percentile by Number Answered
Your Score History
You have not taken this quiz